000 00326 a2200157 4500
001 179660
020 _a
040 _cMagnum
100 _aBrandao, Maria do Carmo
240 1 0 _aO pintinho chorao
_lpor
245 1 0 _aO pintinho chorao
362 0 _a1899
440 1 _aRHJ
697 _aMAGNITO: IJ/ANIMAIS
942 _cBK
999 _c179660
_d179660